comparison of hormon solution on plumeria flower ប្រៀបធៀបសូលិយស្យុងអ័ម៉ូនលើដាំណាំផ្កាចំបុី (Record no. 17925)

000 -LEADER
fixed length control field 00549nam a22001337a 4500
040 ## - CATALOGING SOURCE
Transcribing agency RUA
082 ## - DEWEY DECIMAL CLASSIFICATION NUMBER
Classification number AGR CHR 2017 B633 Or.1
100 ## - MAIN ENTRY--AUTHOR NAME
Personal name CHRORN NARY ជ្រន ណាវី
245 ## - TITLE STATEMENT
Title comparison of hormon solution on plumeria flower ប្រៀបធៀបសូលិយស្យុងអ័ម៉ូនលើដាំណាំផ្កាចំបុី
260 ## - PUBLICATION, DISTRIBUTION, ETC. (IMPRINT)
Place of publication phnom penh
Name of publisher RUA
Year of publication 2017
300 ## - PHYSICAL DESCRIPTION
Number of Pages x;37p
Other physical details ill;
Dimensions 29cm
856 ## - ELECTRONIC LOCATION AND ACCESS
Uniform Resource Identifier https://drive.google.com/file/d/1wdWuniAxlCFUrRMTQlf9qHLRMSxigUpf/view?usp=sharing
942 ## - ADDED ENTRY ELEMENTS (KOHA)
Koha item type AGR
952 ## - LOCATION AND ITEM INFORMATION (KOHA)
Withdrawn status [LOCAL, KOHA] 0
952 ## - LOCATION AND ITEM INFORMATION (KOHA)
Withdrawn status [LOCAL, KOHA] 0
952 ## - LOCATION AND ITEM INFORMATION (KOHA)
Withdrawn status [LOCAL, KOHA] 0
952 ## - LOCATION AND ITEM INFORMATION (KOHA)
Withdrawn status [LOCAL, KOHA] 0
952 ## - LOCATION AND ITEM INFORMATION (KOHA)
Withdrawn status [LOCAL, KOHA] 0
952 ## - LOCATION AND ITEM INFORMATION (KOHA)
Withdrawn status [LOCAL, KOHA] 0
Holdings
Permanent Location Date acquired Koha item type Lost status Shelving location Barcode Current Location Full call number
Library Block B2019-06-24AGR B633A42487Library Block BAGR CHR 2017 B633 Or.1
Library Block B2019-06-24AGR B633A42327Library Block BAGR CHR 2017 B633 Or.2
Library Block B2019-06-24AGR B633A42164Library Block BAGR CHR 2017 B633 Or.4
Library Block B2019-06-24AGR B633A42089Library Block BAGR CHR 2017 B633 Or.3
Library Block B2019-06-24AGR B633A43117Library Block BAGR CHR 2017 B633 Or.5
Library Block B2019-06-24AGR B633A42266Library Block BAGR CHR 2017 B633 Or.6
មជ្ឈមណ្ឌលឯការនៃសាកលវិទ្យាល័យភូមិន្ទកសិកម្មចំការដូង

Powered by Koha